Guess the Country 5 Quiz Stats

 Plays Quiz not verified by Sporcle

Score 0/10 Timer 05:00
0 Plays Today
Number Country % Correct
1.Austria
86.2%
5.Iran
85.8%
7.Kazakhstan
83.9%
9.Vietnam
82.1%
3.Ethiopia
76.6%
6.Kenya
74.3%
4.Greece
72.9%
10.Zambia
70.2%
2.Cameroon
68.8%
8.Syria
63.3%

You're not logged in!

Compare scores with friends on all Sporcle quizzes.
OR
Log In

Show Comments

Extras

Created Jan 16, 2011ReportNominate
Tags:Country Quiz, Numbers Quiz

Top Quizzes Today


Score Distribution

Your Account Isn't Verified!

In order to create a playlist on Sporcle, you need to verify the email address you used during registration. Go to your Sporcle Settings to finish the process.

Report this User

Report this user for behavior that violates our Community Guidelines.

Details: